| Поле | Инд. | ПП | Название | Значение |
|---|---|---|---|---|
| Тип записи | a | |||
| Библиографический уровень | b | |||
| 001 | Контрольный номер | RU/IS/BASE/307554321 | ||
| 005 | Дата корректировки | 20220715140328.6 | ||
| 008 | Кодируемые данные | 20090929 | ||
| 040 | b | Код языка каталог. | rus | |
| e | Правила каталог. | PSBO | ||
| 041 | 0_ | a | Код языка текста | rus |
| 084 | a | Индекс другой классификации/Индекс ББК | 83.3(0)5-022.25; 83.014.44 | |
| 100 | 1_ | a | Автор | Магомедов У. Ш. |
| 245 | 10 | a | Заглавие | Роман А. С. Пушкина "Капитанская дочка" в отношении к поэтике исторического повествования в произведениях европейских романтиков |
| 504 | a | Библиография | Библиогр. ссылки. - Примеч. | |
| 600 | 14 | a | Персоналии | Пушкин Александр Сергеевич |
| a | Персоналии | Скотт Вальтер | ||
| 650 | 14 | a | Основная рубрика | история литературы |
| a | Основная рубрика | литературоведение | ||
| a | Основная рубрика | теория литературы | ||
| a | Основная рубрика | филологические науки | ||
| 653 | 1_ | a | Ключевые слова | "Капитанская дочка" |
| a | Ключевые слова | XIX век | ||
| a | Ключевые слова | Великобритания | ||
| a | Ключевые слова | исторический роман | ||
| a | Ключевые слова | проза | ||
| a | Ключевые слова | романтизм | ||
| a | Ключевые слова | романы | ||
| a | Ключевые слова | Россия | ||
| a | Ключевые слова | Франция | ||
| 773 | 08 | t | Заглавие источника | Вестник Московского университета. Серия 9, Филология |
| d | Дата издания источника | 2009 | ||
| g | Прочая информация | № 1. - С. 148 - 156 | ||
| w | Контрольный № источника | RU/IS/BASE/299591630 | ||
| 901 | t | Тип документа | b |